[Event "Athens Smaok-ch"]
[Site "Greece"]
[Date "2012.10.28"]
[Round "7.3"]
[White "Tsagkaropoulos, Spyridon"]
[Black "Efentakis, Nikolaos"]
[Result "0-1"]
[WhiteElo "2078"]
[BlackElo "1994"]
[PlyCount "28"]
[EventDate "2012.09.16"]
[EventType "swiss"]
[EventRounds "7"]
[EventCountry "GRE"]
[SourceTitle "EXT 2024"]
[Source "ChessBase"]
[SourceDate "2023.10.10"]
[SourceVersion "1"]
[SourceVersionDate "2023.10.10"]
[SourceQuality "1"]

1. e4 c5 2. Nf3 e6 3. d4 cxd4 4. Nxd4 a6 5. Nc3 Qc7 6. Be2 b5 7. 0-0 Bb7 8. Bf3 Bd6 9. Ndxb5 axb5 10. Nxb5 Bxh2+ 11. Kh1 Qb6 12. c4 Be5 13. Be3 Qd8 14. Bd4 Qh4+ 0-1

[Event "Athens Smaok-ch"]
[Site "Greece"]
[Date "2012.09.16"]
[Round "1.5"]
[White "Efentakis, Nikolaos"]
[Black "Ermidis, Filippos"]
[Result "1-0"]
[WhiteElo "1994"]
[BlackElo "1522"]
[PlyCount "85"]
[EventDate "2012.09.16"]
[EventType "swiss"]
[EventRounds "7"]
[EventCountry "GRE"]
[SourceTitle "EXT 2024"]
[Source "ChessBase"]
[SourceDate "2023.10.10"]
[SourceVersion "1"]
[SourceVersionDate "2023.10.10"]
[SourceQuality "1"]

1. d4 Nf6 2. c4 g6 3. g3 Bg7 4. Bg2 0-0 5. Nf3 d6 6. 0-0 Na6 7. Nc3 Re8 8. a3 Nh5 9. Qc2 e5 10. dxe5 dxe5 11. Rd1 Qf6 12. e4 c6 13. b4 Bg4 14. Bg5 Qe6 15. c5 Bh3 16. Be3 Bxg2 17. Kxg2 Nf4+ 18. Kh1 Qh3 19. gxf4 Qxf3+ 20. Kg1 exf4 21. Bd4 Qg4+ 22. Kh1 f3 23. Rg1 Qh4 24. Bxg7 Kxg7 25. Rg3 Re5 26. Qd3 Rh5 27. h3 Re8 28. Qxf3 Ree5 29. Rd1 Qe7 30. Qe3 Nc7 31. f4 Re6 32. Qd4+ Rf6 33. e5 Re6 34. Kg2 Kh6 35. Ne4 Rh4 36. Ng5 Nd5 37. Rg4 Rxg4+ 38. hxg4 Rf6 39. Rh1+ Kg7 40. exf6+ Nxf6 41. Qe5 Qd8 42. Rxh7+ Kg8 43. Rh8+ 1-0

[Event "Athens Smaok op 4th"]
[Site "Athens"]
[Date "2010.02.09"]
[Round "5"]
[White "Panagiotopoulos, Vasilios"]
[Black "Efentakis, Nikolaos"]
[Result "1/2-1/2"]
[WhiteElo "1967"]
[BlackElo "1791"]
[PlyCount "114"]
[EventDate "2010.01.12"]
[EventType "swiss"]
[EventRounds "7"]
[EventCountry "GRE"]
[SourceTitle "EXT 2011"]
[Source "ChessBase"]
[SourceDate "2010.11.26"]
[SourceVersion "1"]
[SourceVersionDate "2010.11.26"]
[SourceQuality "1"]

1. e4 c6 2. d4 d5 3. e5 Bf5 4. Nf3 e6 5. c3 c5 6. Be2 Nc6 7. 0-0 Nge7 8. Qa4 Ng6 9. Be3 Qb6 10. Bb5 a6 11. Bxc6+ bxc6 12. dxc5 Bxc5 13. Nd4 Bd3 14. Re1 0-0 15. b4 Bxd4 16. Bxd4 Qb5 17. Qd1 Bxb1 18. Rxb1 a5 19. a4 Qc4 20. Qe2 Qxe2 21. Rxe2 axb4 22. Rxb4 Rfc8 23. Bc5 Ra6 24. g3 Rca8 25. Reb2 h5 26. f4 Rxa4 27. Rxa4 Rxa4 28. Rb8+ Kh7 29. Rb6 Rc4 30. Rxc6 Rxc3 31. Rc7 Rc2 32. Kf1 h4 33. Kg1 h3 34. Bb6 Rxc7 35. Bxc7 Ne7 36. Kf2 Nc6 37. g4 Kh6 38. Kg3 g5 39. f5 exf5 40. gxf5 Kh5 41. Kxh3 g4+ 42. Kg3 Kg5 43. e6 fxe6 44. fxe6 Kf6 45. Kxg4 Kxe6 46. Kf4 Ne7 47. Bb6 Nf5 48. Bc5 Ng7 49. Bd4 Nf5 50. Bb2 Ne7 51. Kg5 Kf7 52. h4 Kg8 53. Kf6 Nc6 54. Ke6 d4 55. Bc1 d3 56. Kd5 Na5 57. Ke5 Nb3 1/2-1/2

[Event "Athens Smaok-ch"]
[Site "Athens"]
[Date "2007.10.03"]
[Round "4.3"]
[White "Galanos, Dimitrios"]
[Black "Efentakis, Nikolaos"]
[Result "1-0"]
[WhiteElo "2159"]
[BlackElo "1800"]
[PlyCount "35"]
[EventDate "2007.09.12"]
[EventType "swiss"]
[EventRounds "9"]
[EventCountry "GRE"]
[SourceTitle "EXT 2024"]
[Source "ChessBase"]
[SourceDate "2023.10.10"]
[SourceVersion "1"]
[SourceVersionDate "2023.10.10"]
[SourceQuality "1"]

1. d4 c6 2. e4 d5 3. exd5 cxd5 4. c4 Nf6 5. Nc3 Nc6 6. Nf3 e6 7. a3 Be7 8. Bd3 0-0 9. cxd5 Nxd5 10. h4 b6 11. Kf1 Bb7 12. Kg1 Rc8 13. Rh3 Nf6 14. Bg5 Kh8 15. Bc2 g6 16. h5 Nxh5 17. Rxh5 gxh5 18. Bf6+ 1-0

[Event "Athens Smaok-ch"]
[Site "Athens"]
[Date "2007.09.19"]
[Round "2.1"]
[White "Efentakis, Nikolaos"]
[Black "Kokolias, Konstantinos"]
[Result "0-1"]
[WhiteElo "1800"]
[BlackElo "2224"]
[PlyCount "40"]
[EventDate "2007.09.12"]
[EventType "swiss"]
[EventRounds "9"]
[EventCountry "GRE"]
[SourceTitle "EXT 2024"]
[Source "ChessBase"]
[SourceDate "2023.10.10"]
[SourceVersion "1"]
[SourceVersionDate "2023.10.10"]
[SourceQuality "1"]

1. d4 d5 2. c4 c6 3. Nf3 Nf6 4. Qc2 g6 5. Bf4 Na6 6. e3 Bf5 7. Qb3 Nb4 8. Qxb4 e5 9. Qb3 exf4 10. cxd5 Bxb1 11. Rxb1 Qa5+ 12. Kd1 Bh6 13. Qa3 Qxd5 14. Bd3 fxe3 15. fxe3 0-0-0 16. Rc1 Bxe3 17. Rc5 Qd7 18. Ne5 Qxd4 19. Rxc6+ Kb8 20. Qa5 Ng4 0-1